000 00678cam a22002177a 4500
020 _a978-1-84800-218-0
020 _a9781848002197
040 _dDLC
082 0 4 _a001.4226
_222
100 1 _aMazza, Riccardo,
245 1 0 _aIntroduction to information visualization
_cRiccardo Mazza.
260 _aLondon :
_bSpringer,
_cc2009.
300 _axviii, 139 p. :
_bill. (some col.) ;
_c24 cm.
504 _aIncludes bibliographical references and index.
650 0 _aInformation visualization.
650 0 7 _aGraphische Darstellung.
_2swd
650 0 7 _aInformation.
_2swd
650 0 7 _aMensch-Maschine-Kommunikation.
_2swd
650 0 7 _aVisualisierung.
_2swd
942 _2ddc
_cBK
999 _c11435
_d11435